Gaming Quiz

Random Gaming Quiz

Smite Grab Bag Quiz Stats

 Plays Quiz not verified by Sporcle

Challenge
Share
Tweet
Embed
Score 0/61 Timer 10:00
0 Plays Today
% Correct
Greek
93%
Mayan
91.4%
Roman
89.6%
Chinese
88.7%
Norse
84.4%
Hindu
83%
Conquest
82.4%
Aphrodite
81.2%
Aphrodite
81.2%
Joust
79.6%
Arena
78.7%
Egyptian
78.5%
Tower
73.8%
Athena
73.5%
Athena
73.5%
Assault
69.9%
Artemis
69.7%
Artemis
69.7%
Phoenix
67.9%
Fire Giant
65.4%
Gold Fury
65.2%
Mana Buff
64%
Speed Buff
62.4%
Ah Muzen Cab
62.4%
Ah Muzen Cab
62.4%
Damage Buff
60.4%
Arachne
59.7%
Arachne
59.7%
Neith
57.7%
Agni
54.3%
Apollo
53.4%
% Correct
Chaac
52.3%
Xbalanque
52.3%
Bastet
50.9%
Nu Wa
49.8%
Isis
48.6%
Hel
48%
Chang'e
48%
Freya
47.3%
Kali
47.3%
Anhur
45.2%
Hun Batz
45%
Sprint
44.3%
Ares
43.9%
Match of the Day
43%
Purification Beads
42.3%
Domination
41%
Ao Kuang
39.6%
Minotaur
38.2%
Anubis
37.1%
Blink
36%
Meditation
31.7%
Aegis Amulet
28.1%
Hand of the Gods
26.2%
Shell
24.2%
Creeping Curse
20.4%
Girdle of Might
17%
Eye of Providence
15.6%
Teleport to Towers
14%
Titan of Chaos
6.3%
Titan of Order
6.3%

You're not logged in!

Compare scores with friends on all Sporcle quizzes.
Join for Free
OR
Log In

You Might Also Like...

Show Comments

Extras

Created Jan 15, 2014ReportFavoriteNominate
Tags:bag, Smite

Top Quizzes Today


Score Distribution

Your Account Isn't Verified!

In order to create a playlist on Sporcle, you need to verify the email address you used during registration. Go to your Sporcle Settings to finish the process.

Report this User

Report this user for behavior that violates our Community Guidelines.

Details: